<?xml version="1.0" encoding="UTF-8"?>
<record
    xmlns:xsi="http://www.w3.org/2001/XMLSchema-instance"
    xsi:schemaLocation="http://www.loc.gov/MARC21/slim http://www.loc.gov/standards/marcxml/schema/MARC21slim.xsd"
    xmlns="http://www.loc.gov/MARC21/slim">

  <leader>00504nam a2200169   4500</leader>
  <controlfield tag="003">SEACOMMC</controlfield>
  <controlfield tag="005">20241223112803.0</controlfield>
  <controlfield tag="008">241223b        |||||||| |||| 00| 0 eng d</controlfield>
  <datafield tag="020" ind1=" " ind2=" ">
    <subfield code="a"> 0706907523</subfield>
    <subfield code="c">Rs.260.00</subfield>
  </datafield>
  <datafield tag="040" ind1=" " ind2=" ">
    <subfield code="a">SEACOMMC</subfield>
  </datafield>
  <datafield tag="082" ind1=" " ind2=" ">
    <subfield code="a">513.93 </subfield>
    <subfield code="b">Z 24</subfield>
  </datafield>
  <datafield tag="100" ind1=" " ind2=" ">
    <subfield code="a">Zameeruddin, Qazi</subfield>
  </datafield>
  <datafield tag="245" ind1="1" ind2=" ">
    <subfield code="a">Business mathematics</subfield>
    <subfield code="c">Qazi Zameeruddin,V.K.Khanna and S.K.Bhambri</subfield>
  </datafield>
  <datafield tag="260" ind1=" " ind2=" ">
    <subfield code="a"> New Delhi</subfield>
    <subfield code="b"> Vikas Publishing House</subfield>
    <subfield code="c"> 1980.</subfield>
  </datafield>
  <datafield tag="650" ind1=" " ind2=" ">
    <subfield code="a"> Business mathematics--Study and teaching </subfield>
  </datafield>
  <datafield tag="942" ind1=" " ind2=" ">
    <subfield code="c">BOOK</subfield>
  </datafield>
  <datafield tag="952" ind1=" " ind2=" ">
    <subfield code="0">0</subfield>
    <subfield code="1">0</subfield>
    <subfield code="2">ddc</subfield>
    <subfield code="4">0</subfield>
    <subfield code="7">0</subfield>
    <subfield code="a">SEACOMMC</subfield>
    <subfield code="b">SEACOMMC</subfield>
    <subfield code="c">REF</subfield>
    <subfield code="d">2007-12-11</subfield>
    <subfield code="l">0</subfield>
    <subfield code="o">513.93  Z 24</subfield>
    <subfield code="p">M-1254</subfield>
    <subfield code="r">2024-12-23 11:28:43</subfield>
    <subfield code="w">2024-12-23</subfield>
    <subfield code="y">BOOK</subfield>
  </datafield>
  <datafield tag="952" ind1=" " ind2=" ">
    <subfield code="0">0</subfield>
    <subfield code="1">0</subfield>
    <subfield code="2">ddc</subfield>
    <subfield code="4">0</subfield>
    <subfield code="7">0</subfield>
    <subfield code="a">SEACOMMC</subfield>
    <subfield code="b">SEACOMMC</subfield>
    <subfield code="d">2007-12-11</subfield>
    <subfield code="l">0</subfield>
    <subfield code="o">513.93  Z 24</subfield>
    <subfield code="p">M-1255</subfield>
    <subfield code="r">2024-12-23 11:29:17</subfield>
    <subfield code="t">1</subfield>
    <subfield code="w">2024-12-23</subfield>
    <subfield code="y">BOOK</subfield>
  </datafield>
  <datafield tag="952" ind1=" " ind2=" ">
    <subfield code="0">0</subfield>
    <subfield code="1">0</subfield>
    <subfield code="2">ddc</subfield>
    <subfield code="4">0</subfield>
    <subfield code="7">0</subfield>
    <subfield code="a">SEACOMMC</subfield>
    <subfield code="b">SEACOMMC</subfield>
    <subfield code="d">2007-12-11</subfield>
    <subfield code="l">0</subfield>
    <subfield code="o">513.93  Z 24</subfield>
    <subfield code="p">M-1256</subfield>
    <subfield code="r">2024-12-23 11:29:17</subfield>
    <subfield code="t">2</subfield>
    <subfield code="w">2024-12-23</subfield>
    <subfield code="y">BOOK</subfield>
  </datafield>
  <datafield tag="952" ind1=" " ind2=" ">
    <subfield code="0">0</subfield>
    <subfield code="1">0</subfield>
    <subfield code="2">ddc</subfield>
    <subfield code="4">0</subfield>
    <subfield code="7">0</subfield>
    <subfield code="a">SEACOMMC</subfield>
    <subfield code="b">SEACOMMC</subfield>
    <subfield code="d">2007-12-11</subfield>
    <subfield code="l">0</subfield>
    <subfield code="o">513.93  Z 24</subfield>
    <subfield code="p">M-1257</subfield>
    <subfield code="r">2024-12-23 11:29:17</subfield>
    <subfield code="t">3</subfield>
    <subfield code="w">2024-12-23</subfield>
    <subfield code="y">BOOK</subfield>
  </datafield>
  <datafield tag="952" ind1=" " ind2=" ">
    <subfield code="0">0</subfield>
    <subfield code="1">0</subfield>
    <subfield code="2">ddc</subfield>
    <subfield code="4">0</subfield>
    <subfield code="7">0</subfield>
    <subfield code="a">SEACOMMC</subfield>
    <subfield code="b">SEACOMMC</subfield>
    <subfield code="d">2007-12-11</subfield>
    <subfield code="l">0</subfield>
    <subfield code="o">513.93  Z 24</subfield>
    <subfield code="p">M-1258</subfield>
    <subfield code="r">2024-12-23 11:29:17</subfield>
    <subfield code="t">4</subfield>
    <subfield code="w">2024-12-23</subfield>
    <subfield code="y">BOOK</subfield>
  </datafield>
  <datafield tag="999" ind1=" " ind2=" ">
    <subfield code="c">921</subfield>
    <subfield code="d">921</subfield>
  </datafield>
</record>
